Alle Fußballvereine aus Bremen in den Top 4 Ligen - Statistiken

Allgemein
  • Dieses Quiz wurde 22 mal gespielt
  • Das Durchschnittsergebnis liegt bei 5 aus 7
Antwortstatistiken
Liga Verein % Korrekt
Bundesliga SV Werder Bremen
100%
Regionalliga Nord SV Werder Bremen ll
100%
Regionalliga Nord Bremer SV
95%
Bremenliga OSC Bremerhaven
67%
Bremenliga FC Oberneuland
43%
Bremenliga Blumenthaler SV
33%
Bremenliga SV Hemelingen
33%
Keine übereinstimmenden Quizze gefunden
Verteilung der Resultate
Anzahl Personen mit jedem Resultat
Perzentil nach korrekt beantworteten Fragen
Ihre Resultats-Entwicklung
Sie haben dieses Quiz noch nicht gespielt